000 00578nam a2200193Ii 4500
003 JO-AjNU
008 230605s9999||||xx |||||||||||||| ||und||
040 _aJO-AjNU
_bara
_erda
_cJO-AjNU
041 _aara
050 1 4 _aQL757.A222 2005
100 3 _aابوعساف ، اسماعيل,
_eauthor
_939213
245 0 0 _aعلم الطفليات
264 3 1 _aعمان:الاهلية للنشر ، 2005
300 _a232ص
336 _atext
_btxt
_2rdacontent
337 _aunmediated
_bn
_2rdamedia
338 _avolume
_bnc
_2rdacarrier
650 4 _aالطفيليات
_939214
999 _aA16542
_c20110
_d20110